[Event "SVK ECo-C Extraliga 2018-19"]
[Site "Slovakia"]
[Date "2018.12.09"]
[Round "4"]
[White "Ponizil, Cyril"]
[Black "Repka, Christopher"]
[Result "1-0"]
[WhiteElo "2491"]
[BlackElo "2499"]
[Annotator "TA"]
[PlyCount "80"]
[EventDate "2018.11.10"]
[EventType "team-tourn"]
[EventCountry "SVK"]
[SourceTitle "playchess.com"]
[Source "ChessBase"]
[SourceQuality "1"]
[WhiteTeam "Dubnica"]
[BlackTeam "Zilina"]

{[%evp 25,80,27,35,25,35,35,34,28,69,50,52,17,18,19,27,10,12,18,37,0,0,2,0,17,22,3,45,39,35,-22,-6,-15,12,12,14,0,0,0,54,3,81,80,102,107,285,291,399,378,575,615,864,836,880,882,876,876,836]} 1. e4 e5 2. Nf3 Nc6 3. Bb5 a6 4. Ba4 Nf6 5. O-O Be7 6. Re1 b5 7. Bb3 O-O 8. h3 Bb7 9. d3 d6 10. a3 Nb8 11. Nbd2 {C88: Closed Ruy Lopez: Anti-Marshall Systems} Nbd7 12. Nf1 c5 (12... Re8 13. Ng3 Bf8 14. Ng5 d5 15. exd5 Nc5 16. c4 Nxb3 17. Qxb3 c6 18. dxc6 Bxc6 19. cxb5 {0-1 (44) Zhigalko,S (2656)-Carlsen,M (2850) Berlin 2015}) 13. Ng3 Rc8 {LiveBook: 6 Games} 14. Ba2 Re8 15. c4 b4 16. Bb3 Rf8 $146 ({Predecessor:} 16... a5 17. Ba4 Rf8 18. Nf5 {1-0 (56) Klenburg,M (2368)-Haimovich,T (2352) Kiryat Ono 2013}) 17. Bd2 a5 18. Ba4 Ne8 19. Nh2 Nb6 20. Nf5 Nxa4 21. Qxa4 Ra8 22. Qb5 Bc8 23. axb4 Nc7 24. Qa4 {b5 is the strong threat.} cxb4 25. Ng4 g6 26. Nxe7+ Qxe7 27. Bh6 (27. Ne3 $14) 27... Rd8 28. Be3 Bxg4 29. hxg4 Ne6 30. Qb5 Nc7 31. Qc6 Rdb8 (31... Ne6 $11) 32. c5 (32. Bb6 $14 Ne6 33. Rxa5 Rxa5 34. Bxa5) 32... Nb5 {[#]} (32... dxc5 $11 33. Bxc5 Qd8) 33. Rec1 $1 $16 a4 {[#]} 34. Rc4 $1 $36 {[%cal Rc4b4][%mdl 2048] White is in control.} a3 $2 (34... dxc5 $16 {was called for.} 35. Bxc5 Qd8) 35. Rxb4 $18 Na7 36. Qd5 Rxb4 (36... Qe6 $142 37. Rxb8+ Rxb8 38. Rxa3 Nc8) 37. Qxa8+ {White is clearly winning.} Kg7 38. bxa3 Ra4 39. c6 Qc7 40. Rc1 Rxa3 {Accuracy: White = 52%, Black = 37%.} 1-0

[Event "SVK ECo-C Extraliga 2018-19"]
[Site "Slovakia"]
[Date "2018.12.09"]
[Round "4"]
[White "Stohl, Igor"]
[Black "Pacher, Milan"]
[Result "1/2-1/2"]
[WhiteElo "2488"]
[BlackElo "2453"]
[Annotator "TA"]
[PlyCount "49"]
[EventDate "2018.11.10"]
[EventType "team-tourn"]
[EventCountry "SVK"]
[SourceTitle "playchess.com"]
[Source "ChessBase"]
[SourceQuality "1"]
[WhiteTeam "Modra"]
[BlackTeam "Slovan"]

{[%evp 19,49,7,35,22,18,0,17,12,37,0,11,-4,0,-14,0,-10,0,0,0,0,0,0,0,-6,-6,-7,-7,-13,0,0,0,-5]} 1. Nf3 d5 2. d4 Nf6 3. c4 dxc4 4. e3 b5 5. a4 b4 6. Bxc4 {D25: Queen's Gambit Accepted: 4 e3: sidelines and 4...Bg4} e6 7. O-O (7. a5 a6 8. Nbd2 Bb7 9. O-O c5 10. Nb3 Nbd7 11. dxc5 Nxc5 12. Nxc5 Bxc5 {1-0 (45) Bluebaum,M (2631)-Anand,V (2776) Karlsruhe/Baden-Baden 2018}) 7... Bb7 $146 ({Predecessor:} 7... Be7 8. Qe2 O-O 9. Nbd2 Bb7 10. b3 Nbd7 11. Ba6 Bxa6 12. Qxa6 {½-½ (25) Nihal,S (2532)-Piorun,K (2659) Moscow 2018}) 8. b3 Be7 9. Bb2 O-O 10. Nbd2 Nbd7 {LiveBook: 15 Games} 11. Qe2 c5 12. Ba6 Bxa6 13. Qxa6 Qc8 14. Qxc8 (14. Qe2 {seems wilder.} Qb7 15. Rfc1 cxd4 16. Bxd4 Rac8 17. Qb5) 14... Rfxc8 {The position is equal.} 15. Rfc1 Nd5 16. Kf1 f6 17. Ne4 Kf7 18. dxc5 Nxc5 19. Nxc5 Bxc5 20. Ke2 e5 21. Rc4 {[#] aiming for Rac1.} Nb6 22. Rc2 Be7 23. Rac1 Rxc2+ 24. Rxc2 Rc8 25. Rxc8 {Accuracy: White = 36%, Black = 59%.} 1/2-1/2

[Event "SVK ECo-C Extraliga 2018-19"]
[Site "Slovakia"]
[Date "2018.12.09"]
[Round "4"]
[White "Kociscak, Jiri"]
[Black "Roubalik, Jakub"]
[Result "1-0"]
[WhiteElo "2484"]
[BlackElo "2410"]
[Annotator "TA"]
[PlyCount "99"]
[EventDate "2018.11.10"]
[EventType "team-tourn"]
[EventCountry "SVK"]
[SourceTitle "playchess.com"]
[Source "ChessBase"]
[SourceQuality "1"]
[WhiteTeam "Zilina"]
[BlackTeam "Dubnica"]

{[%evp 16,99,25,19,27,19,38,22,29,21,30,20,42,52,56,58,76,65,71,56,59,60,57,58,87,88,97,91,96,99,93,75,70,76,86,82,80,79,79,83,79,62,66,0,66,57,70,0,63,70,74,61,54,49,43,12,35,0,65,52,49,9,14,0,41,39,48,43,39,46,42,39,380,370,366,366,614,604,523,285,6720,6650,29947,12712,5414,622]} 1. d4 Nf6 2. c4 e6 3. g3 d5 4. Nf3 Bb4+ 5. Bd2 Be7 6. Bg2 O-O 7. O-O c6 8. Qc2 Ne4 {E11: Bogo-Indian} (8... Nbd7 9. Bf4 b6 10. Rd1 Ba6 11. b3 Rc8 12. Nc3 h6 13. e4 dxc4 14. Nd2 b5 15. bxc4 bxc4 16. Na4 g5 17. Be3 Ng4 18. Nf1 Qc7 19. Bd2 c5 20. d5 Nde5 21. h3 Nf6 {½-½ (72) Bareev,E (2666)-Vidit,S (2711) Batumi 2018}) 9. Bf4 {LiveBook: 19 Games} g5 10. Bc1 Nd7 {The position is equal.} 11. Ne1 Nd6 $146 ({Predecessor:} 11... f5 12. b3 Bf6 13. Bb2 Qe7 14. cxd5 exd5 15. Nd3 Bg7 16. e3 Rf6 17. Nd2 Rh6 {0-1 (43) Buslaev,A-Nei,I Palanga 1961}) 12. b3 f5 13. Nd3 Nf7 14. Bb2 Nf6 15. Nd2 {[%cal Bb1d2,Bd2f3,Bf3e5][%mdl 32]} Bd7 16. a4 a5 17. Ba3 Bxa3 18. Rxa3 Qe7 19. Raa1 Nd6 20. Nf3 Nfe4 21. Nfe5 Be8 22. f3 {[#] Hoping for c5.} Nf6 23. Rae1 Bh5 24. Qd2 Qg7 25. Nc5 Rfe8 26. Kh1 h6 27. Ncd3 Bg6 28. Nf2 Bh7 29. Nfd3 (29. e3 $14) 29... Kh8 ({Black should play} 29... Bg6 $1 $11) 30. Nc5 Re7 31. Ncd3 Ree8 $1 32. Qb2 Nf7 33. Nxf7+ Qxf7 34. Qd2 Qg7 35. Nc5 e5 36. cxd5 cxd5 (36... Nxd5 $11 37. e4 fxe4 38. fxe4 Nb4) 37. dxe5 Rxe5 38. f4 Re7 39. Nd3 (39. Bxd5 $2 Rd8 $19) 39... Ne4 40. Bxe4 fxe4 41. Ne5 $1 $36 {[%mdl 2048] White has the initiative.} gxf4 42. gxf4 e3 ({Wrong is} 42... Rg8 $2 43. e3 $18) 43. Qxd5 {Black must now prevent Qd4.} Rf8 $2 {[%mdl 8192]} (43... Rxe5 $1 $14 44. Qxe5 (44. fxe5 Qg4 $14) 44... Qxe5 45. fxe5 Be4+ 46. Rf3 Re8) 44. Rf3 $18 Qf6 45. Rg1 Bf5 $2 (45... Rg8 46. Rfg3 (46. Qxa5 Be4 $17) 46... Rxg3 47. Rxg3 Rg7 48. Rxg7 Kxg7 49. Qxb7+ Kh8 50. Qa8+ Kg7 51. Qa7+ Kh8 52. Qxe3 Bg8) 46. Rxe3 Kh7 47. Ng4 Qg7 $2 {[#]} (47... Qf7 48. Rxe7 Qxe7) 48. Nxh6 $1 {[%mdl 512]} Kxh6 (48... Qxh6 49. Rxe7+) 49. Rxg7 Rxe3 50. Qd6+ {Accuracy: White = 51%, Black = 62%.} 1-0

[Event "SVK ECo-C Extraliga 2018-19"]
[Site "Slovakia"]
[Date "2018.12.09"]
[Round "4"]
[White "Gazik, Viktor"]
[Black "Markos, Jan"]
[Result "0-1"]
[WhiteElo "2483"]
[BlackElo "2551"]
[Annotator "TA"]
[PlyCount "62"]
[EventDate "2018.11.10"]
[EventType "team-tourn"]
[EventCountry "SVK"]
[SourceTitle "playchess.com"]
[Source "ChessBase"]
[SourceQuality "1"]
[WhiteTeam "Podhajska"]
[BlackTeam "Snina"]

{[%evp 9,62,12,12,-16,8,8,27,8,34,10,31,6,32,33,47,21,39,34,36,22,43,8,11,0,1,0,8,0,0,-18,-15,-14,0,0,0,0,0,-57,-52,-85,-28,-268,-255,-287,-277,-267,-270,-259,-266,-591,-563,-883,-872,-2499,-2553]} 1. e4 c5 2. Nc3 Nc6 3. Bb5 Nd4 4. Nf3 Nxb5 5. Nxb5 d6 {LiveBook: 93 Games} 6. c4 {B23: Closed Sicilian: Lines without g3} (6. d4 Nf6 7. Qd3 a6 8. Nc3 cxd4 9. Nxd4 e5 10. Nf5 Bxf5 11. exf5 h6 12. Bd2 Be7 13. O-O-O O-O 14. g4 {1-0 (38) Rapport,R (2719)-Nihal,S (2556) Abu Dhabi 2018}) 6... Nf6 7. Nc3 g6 8. O-O {White has an edge.} Bg7 9. d4 $146 ({Predecessor:} 9. d3 O-O 10. Be3 Ng4 11. Re1 Nxe3 12. Rxe3 Bg4 13. h3 {0-1 (42) Cimino,M-Riquelme Oviedo,F (1543) Florianopolis 2018}) 9... cxd4 10. Nxd4 O-O 11. h3 b6 12. Be3 Bb7 13. Qd3 Rc8 14. Rac1 Nd7 15. b3 Nc5 16. Qb1 Qd7 17. f3 f5 18. exf5 gxf5 {[%cal Bg6f5,Bf5f4][%mdl 32]} 19. b4 f4 $36 {[%mdl 2048] Black is more active.} 20. Bf2 Ne6 21. Nxe6 Qxe6 22. Rfe1 Be5 {White must now prevent ...Bxf3!} 23. Ne4 ({White should try} 23. Nb5 $1 $11) 23... Kh8 $1 $15 24. Kh2 Rf5 (24... Rg8 $17 25. c5 Rg6) 25. c5 $2 {[#]} (25. Qd3 $11) 25... Rg8 $1 $19 26. cxd6 ({Reject} 26. c6 Rh5 $17) 26... Rh5 {( -> ...Rxg2+!)} ({Not} 26... exd6 27. Bg1 $17) 27. Rh1 exd6 ({Don't do} 27... Qg6 28. Rhg1 $19) 28. Rc7 Bc8 {[%cal Bb7c8,Bc8a6,Ba6b5][%mdl 32]} 29. Kg1 $2 (29. Rxc8 {was the crucial defense.} Rxc8 30. Nd2) 29... Qg6 {[%csl Gg8][%cal Rg6g2] Black is clearly winning.} 30. Qf1 {[#]} Ba6 $1 {[%mdl 512]} 31. b5 {[#]} (31. Qxa6 Qxg2#) 31... Bxb5 $1 {[%mdl 512] Accuracy: White = 25%, Black = 67%.} 0-1

[Event "SVK ECo-C Extraliga 2018-19"]
[Site "Slovakia"]
[Date "2018.12.09"]
[Round "4"]
[White "Pechac, Jergus"]
[Black "Cernousek, Lukas"]
[Result "1-0"]
[WhiteElo "2470"]
[BlackElo "2436"]
[Annotator "TA"]
[PlyCount "69"]
[EventDate "2018.11.10"]
[EventType "team-tourn"]
[EventCountry "SVK"]
[SourceTitle "playchess.com"]
[Source "ChessBase"]
[SourceQuality "1"]
[WhiteTeam "Zilina"]
[BlackTeam "Dubnica"]

{[%evp 17,69,-12,-10,-14,28,0,0,-19,31,0,175,170,257,259,259,264,282,283,345,339,342,340,341,349,357,353,355,356,346,328,312,313,459,451,450,443,436,442,442,436,417,408,625,610,931,899,994,987,987,835,29997,29998,29998,29999]} 1. d4 d5 2. Nf3 Nf6 3. c4 dxc4 4. Qa4+ Nbd7 5. Qxc4 e6 6. g3 a6 7. Bg2 b5 8. Qc6 Ra7 9. Qc2 {E03: Open Catalan: 5 Qa4+ Nbd7 6 Qxc4} (9. O-O Bb7 10. Qc2 c5 11. Bg5 cxd4 12. Nxd4 Bxg2 13. Kxg2 Rc7 14. Qd2 Qa8+ 15. f3 Be7 16. Rc1 Nc5 {½-½ (65) Zatonskih,A (2493)-Akobian,V (2618) Caleta 2011}) 9... Bb7 {LiveBook: 9 Games} 10. a4 bxa4 11. Nc3 $146 {White has an edge.} ({Predecessor:} 11. Qxa4 c5 12. O-O Qa8 13. dxc5 Bxc5 14. Nc3 O-O 15. Qh4 Ne5 16. Ne1 Bxg2 17. Nxg2 Ng6 18. Qc4 Rc8 19. Qa2 h6 20. Be3 Qb7 21. Bxc5 Rxc5 22. Ne3 Ra8 23. Rfd1 {½-½ (23) Reicher,E (2300)-Viner,P (2210) Bad Wildbad 1993}) 11... c5 12. Qxa4 Qa8 13. Be3 Ng4 $2 {[#]} (13... Bc6 $11 14. Qc4 Ng4) 14. d5 $1 $18 {[%cal Rd5e6]} Nxe3 (14... exd5 {was worth a try.} 15. Qxg4 h5) 15. fxe3 Bxd5 16. Nxd5 exd5 {[#]} 17. Ne5 $1 Bd6 18. Nxd7 Rxd7 19. Bh3 (19. Qxa6 Qxa6 20. Rxa6 O-O $11) 19... Qb7 20. O-O (20. Qxd7+ Qxd7 21. Bxd7+ Kxd7 $16) (20. Qxa6 Qb4+ 21. Kf2 Rd8 $16) 20... f6 21. Rfd1 ({Weaker is} 21. Qxd7+ Qxd7 22. Bxd7+ Kxd7 $16) (21. Qxa6 Qxa6 22. Bxd7+ (22. Rxa6 Rd8 $14) 22... Kxd7 $16) 21... Be5 22. Bxd7+ ({Don't do} 22. Qxd7+ Qxd7 23. Bxd7+ Kxd7 $18) 22... Qxd7 23. Qxd7+ ({Don't take} 23. Qxa6 O-O) 23... Kxd7 24. Rxa6 Bxb2 (24... Ke7 $142 25. Rxd5 Rc8) 25. Rxd5+ {[%mdl 4160] Endgame Double Attack. KRR-KRB} Ke7 26. Ra7+ Ke6 27. Rxc5 g5 28. Kf2 h5 29. Kf3 h4 (29... Be5 $142 30. e4 Rd8 31. Rc6+ Bd6) 30. g4 Be5 31. h3 Rb8 32. Rc6+ Kd5 33. Raa6 {White threatens e4+ and mate.} Rb1 34. e4+ Kd4 35. Ra4+ {Accuracy: White = 85%, Black = 40%.} 1-0

[Event "SVK ECo-C Extraliga 2018-19"]
[Site "Slovakia"]
[Date "2018.12.09"]
[Round "4"]
[White "Petrik, Tomas"]
[Black "Motuz, Karol"]
[Result "*"]
[WhiteElo "2466"]
[BlackElo "2367"]
[Annotator "TA"]
[PlyCount "31"]
[EventDate "2018.11.10"]
[EventType "team-tourn"]
[EventCountry "SVK"]
[SourceTitle "playchess.com"]
[Source "ChessBase"]
[SourceQuality "1"]
[WhiteTeam "Zilina"]
[BlackTeam "Dubnica"]

{[%evp 16,20,22,20,24,17,37]} 1. d4 Nf6 2. c4 e6 3. g3 d5 4. Nf3 Bb4+ 5. Bd2 Be7 6. Bg2 O-O 7. O-O c6 8. Qc2 Ne4 {E11: Bogo-Indian} (8... Nbd7 9. Bf4 b6 10. Rd1 Ba6 11. b3 Rc8 12. Nc3 h6 13. e4 dxc4 14. Nd2 b5 15. bxc4 bxc4 16. Na4 g5 17. Be3 Ng4 18. Nf1 Qc7 19. Bd2 c5 20. d5 Nde5 21. h3 Nf6 {½-½ (72) Bareev,E (2666)-Vidit,S (2711) Batumi 2018}) 9. Bf4 {LiveBook: 19 Games} g5 10. Bc1 Nd7 {Predecessor:} 11. Nc3 $146 Nd6 12. c5 Ne8 13. e4 f5 14. exd5 exd5 15. Qe2 Ng7 16. b4 {1-0 (34) Kolaric,S (2089)-Petrovic,M (1914) Nova Gorica 2016} *

[Event "SVK ECo-C Extraliga 2018-19"]
[Site "Slovakia"]
[Date "2018.12.09"]
[Round "4"]
[White "Jurcik, Marian"]
[Black "Vojtek, Vladimir"]
[Result "1/2-1/2"]
[WhiteElo "2462"]
[BlackElo "2316"]
[Annotator "TA"]
[PlyCount "44"]
[EventDate "2018.11.10"]
[EventType "team-tourn"]
[EventCountry "SVK"]
[SourceTitle "playchess.com"]
[Source "ChessBase"]
[SourceQuality "1"]
[WhiteTeam "Zilina"]
[BlackTeam "Dubnica"]

{[%evp 13,44,0,58,-23,39,51,35,19,83,25,32,28,29,29,29,16,73,18,27,31,36,21,28,38,44,45,52,0,3,0,51,0,12]} 1. e4 {[%cal Be2e4,Be4e5][%mdl 32]} e6 2. d4 d5 3. Nd2 c5 4. Ngf3 Nf6 5. e5 Nfd7 6. c3 Nc6 7. Bd3 f6 {LiveBook: 41 Games} (7... Be7 $11) 8. Qe2 {C06: French Tarrasch: 3...Nf6 4 e5 Nfd7 5 Bd3 main lines} (8. exf6 $14 Qxf6 9. O-O) (8. exf6 Nxf6 9. O-O Bd6 10. dxc5 Bxc5 11. b4 Bd6 12. b5 Ne7 13. c4 e5 14. cxd5 Nexd5 15. Ne4 Nxe4 16. Bxe4 Nf6 {1-0 (32) Adams,M (2738)-Bareev,E (2675) Baku 2016}) 8... Be7 (8... fxe5 $11 9. Nxe5 Ndxe5 10. dxe5 Qg5) 9. exf6 $14 Nxf6 10. dxc5 {White is slightly better.} Bxc5 {[#]} (10... Qc7 $11) 11. Nb3 ({White should try} 11. b4 $1 $16 {[%cal Rb4c5]} Bd6 12. b5) 11... Bd6 $11 12. Nbd4 Qe7 13. Nxc6 bxc6 14. Ne5 $1 Bb7 $146 (14... O-O $11) ({Predecessor:} 14... Qc7 15. f4 O-O 16. O-O Bb7 17. b3 c5 18. c4 Rae8 19. Bd2 {½-½ (19) Fehlhammer,M-Nordholz,T Germany 1990}) 15. O-O ({Better is} 15. Bg6+ $16 Kf8 16. Bd3) 15... O-O 16. Bg5 Qc7 17. Rae1 Rae8 18. f4 c5 19. Bb5 Re7 20. Bd3 Ree8 21. Bb5 Re7 22. Bd3 Ree8 {Accuracy: White = 34%, Black = 48%.} 1/2-1/2

[Event "SVK ECo-C Extraliga 2018-19"]
[Site "Slovakia"]
[Date "2018.12.09"]
[Round "4"]
[White "Nayhebaver, Martin"]
[Black "Veres, Andrej"]
[Result "*"]
[WhiteElo "2460"]
[BlackElo "2235"]
[Annotator "TA"]
[PlyCount "40"]
[EventDate "2018.11.10"]
[EventType "team-tourn"]
[EventCountry "SVK"]
[SourceTitle "playchess.com"]
[Source "ChessBase"]
[SourceQuality "1"]
[WhiteTeam "Zilina"]
[BlackTeam "Dubnica"]

{[%evp 19,20,1,8]} 1. d4 Nf6 2. Nf3 e6 3. c4 b6 4. g3 Ba6 5. Qa4 Bb7 6. Bg2 c5 7. dxc5 bxc5 8. Nc3 Be7 9. O-O O-O 10. Rd1 Qb6 {LiveBook: 280 Games} {Predecessor:} 11. Bf4 $146 d6 12. Rab1 Nbd7 13. b4 Rfb8 14. a3 h6 15. h3 a6 16. Qa5 Qxa5 17. bxa5 Ne8 18. Ne5 Nxe5 19. Bxb7 Nxc4 20. Bxa8 Rxa8 {0-1 (49) Xu,Y (2545)-Jakovenko,D (2732) China 2018} *

[Event "SVK ECo-C Extraliga 2018-19"]
[Site "Slovakia"]
[Date "2018.12.09"]
[Round "4"]
[White "Bokros, Albert"]
[Black "Karas, Marek"]
[Result "1-0"]
[WhiteElo "2454"]
[BlackElo "2224"]
[Annotator "TA"]
[PlyCount "73"]
[EventDate "2018.11.10"]
[EventType "team-tourn"]
[EventCountry "SVK"]
[SourceTitle "playchess.com"]
[Source "ChessBase"]
[SourceQuality "1"]
[WhiteTeam "Streda"]
[BlackTeam "Osuske"]

{[%evp 19,73,22,31,7,35,0,12,12,19,35,27,29,44,45,96,76,84,71,96,106,132,111,141,127,155,125,180,195,210,232,232,232,228,231,220,232,204,199,185,193,249,254,299,287,558,546,570,562,847,723,2487,2475,2083,1543,2936,2859]} 1. e4 e6 2. d4 d5 3. Bd3 c5 4. exd5 exd5 5. Nf3 c4 (5... Nf6 6. O-O c4 7. Re1+ Be7 8. Be2 O-O 9. b3 cxb3 10. axb3 Nc6 11. c3 Re8 12. Nbd2 Bd6 13. Bd3 Bg4 14. Rxe8+ Qxe8 {0-1 (52) Fontaine,R (2563)-Carlsen,M (2834) chess.com INT 2018}) 6. Be2 {C01: French: Exchange Variation} Nf6 7. O-O Be7 8. b3 cxb3 9. axb3 O-O 10. c4 Nc6 {LiveBook: 14 Games} 11. Nc3 h6 12. h3 $146 ({Predecessor:} 12. Be3 Be6 13. Qd2 {1-0 (36) Schneider,I (2481)-Naumann,A (2545) Berlin 2015}) 12... Bf5 13. Bb2 Nb4 14. Rc1 {[%cal Ba1c1,Bc1c3,Bc3f3][%mdl 32]} Ne4 15. Ne5 Nxc3 16. Rxc3 dxc4 (16... f6 $14 17. Ng4 Be4) 17. bxc4 ({Reject} 17. Rxc4 f6 $11) 17... Nc6 18. Rf3 Be4 19. Re3 $36 {[%mdl 2048] White is on the roll.} Nxe5 20. Rxe4 Nd7 21. Bf3 Nf6 22. Re3 Qc7 (22... Rb8 $16 23. c5 b6) 23. Qb3 $18 Rab8 {[#]} 24. Rfe1 $1 Rfe8 25. Qa4 b5 26. cxb5 Bf8 27. Bc6 Rxe3 28. Rxe3 ({Much less strong is} 28. fxe3 $6 Qg3 $16) 28... Rd8 29. Qc4 Qf4 (29... Re8 {was necessary.} 30. Rxe8 Nxe8) 30. g3 Qf5 31. Kg2 Nd5 $2 (31... h5 {was worth a try.} 32. d5 Bd6) 32. Bxd5 {White is clearly winning.} Rxd5 33. Re8 Rd6 34. Ba3 Qd7 {[#]} 35. Rxf8+ $1 {[%mdl 512]} Kxf8 36. Qd5 {[%mdl 64] Pin} Ke7 37. Qe5+ {[%mdl 64] Double Attack, Pin. Accuracy: White = 81%, Black = 29%.} 1-0

[Event "SVK ECo-C Extraliga 2018-19"]
[Site "Slovakia"]
[Date "2018.12.09"]
[Round "4"]
[White "Bagi, Mate"]
[Black "Bury, Rastislav"]
[Result "1-0"]
[WhiteElo "2453"]
[BlackElo "2144"]
[Annotator "TA"]
[PlyCount "61"]
[EventDate "2018.11.10"]
[EventType "team-tourn"]
[EventCountry "SVK"]
[SourceTitle "playchess.com"]
[Source "ChessBase"]
[SourceQuality "1"]
[WhiteTeam "Streda"]
[BlackTeam "Osuske"]

{[%evp 19,61,26,56,50,83,62,96,96,121,99,152,151,181,185,197,177,186,179,172,185,198,187,349,345,390,352,510,410,408,398,458,346,485,462,520,518,510,498,471,432,1007,1001,988,1004]} 1. e4 c5 2. Nf3 d6 3. d4 cxd4 4. Qxd4 a6 5. h3 (5. c4 Nc6 6. Qe3 Bg4 7. Nd4 g6 8. Nc3 Bg7 9. Nxc6 bxc6 10. h3 Be6 11. Be2 Nf6 12. O-O O-O 13. f4 Qa5 14. Bd2 {1-0 (50) Karjakin,S (2763)-Nepomniachtchi,I (2751) Moscow 2018}) 5... Nc6 6. Qe3 {B53: Sicilian: 2...d6: Lines with Qxd4} Nf6 7. c4 g6 8. Be2 Bg7 9. O-O O-O 10. Nc3 b6 {LiveBook: 9 Games} 11. Rd1 Qc7 12. Rb1 a5 $146 ({Predecessor:} 12... e6 13. b4 Ne7 14. Bb2 {0-1 (39) Rodriguez Lopez,A (1923)-Sosa Florez,L (1741) San Andres Islas 2013}) 13. b3 Rd8 14. Bb2 Bd7 (14... e5 $142) 15. Nd5 $16 Nxd5 16. exd5 {aiming for Bxg7.} Nb4 17. Bxg7 Kxg7 18. a3 {[%cal Ba2a3,Ba3b4][%mdl 32]} Na6 19. b4 $36 {[%mdl 2048] Black is under strong pressure.} ({But not} 19. Qxe7 $2 Re8 $19) 19... axb4 20. axb4 Qb7 $2 {[#]} (20... Re8 21. Nd4 Qa7) 21. c5 $18 {[%cal Bc4c5,Bc5c6][%mdl 32]} Ba4 {[%cal Rd6c5]} 22. c6 Qc7 (22... Qa7 {was worth a try.} 23. Rd4 b5) 23. Rdc1 b5 24. Nd4 Rab8 25. Bf3 Re8 (25... Rf8 $142 26. Re1 Rbe8) 26. h4 {White is clearly winning.} Qc8 27. Qc3 {[#] White wants to mate with Nf5+.} Kg8 28. Re1 Nc7 29. Rb2 e5 (29... Qd8 $142 30. Rbe2 e5) 30. dxe6 $1 fxe6 31. Bg4 {Accuracy: White = 94%, Black = 10%.} 1-0

[Event "SVK ECo-C Extraliga 2018-19"]
[Site "Slovakia"]
[Date "2018.12.09"]
[Round "4"]
[White "Druska, Juraj"]
[Black "Molnar, Erno"]
[Result "1/2-1/2"]
[WhiteElo "2443"]
[BlackElo "2252"]
[Annotator "TA"]
[PlyCount "62"]
[EventDate "2018.11.10"]
[EventType "team-tourn"]
[EventCountry "SVK"]
[SourceTitle "playchess.com"]
[Source "ChessBase"]
[SourceQuality "1"]
[WhiteTeam "Prakovce"]
[BlackTeam "Komarno"]

{[%evp 12,62,50,15,11,16,14,15,102,-7,-6,-8,0,7,0,0,74,-27,-22,-81,-60,-38,16,27,16,-128,-18,0,0,0,0,-2,0,-156,0,-9,-13,-209,-208,-435,-422,-475,-421,-728,-728,-684,-621,-818,-801,-709,-258,-308,-87]} 1. d4 d5 2. c4 c6 3. Nf3 Nf6 4. Qb3 e6 5. Nc3 Bd6 6. Bg5 {D43: Semi-Slav: 5 Bg5 h6} Nbd7 7. e3 {LiveBook: 6 Games} (7. e4 $5 {[%cal Re4e5]} dxe4 8. Nxe4 $1 $14 {[%mdl 512]}) 7... O-O (7... Qa5 8. Bd3 Ne4 9. Bf4 Bxf4 10. exf4 dxc4 11. Bxc4 Nb6 12. O-O Nf6 13. Bd3 O-O {0-1 (83) Gonzalez Zamora,J (2553)-Adly,A (2602) Istanbul 2012}) 8. Bd3 {The position is equal.} dxc4 9. Bxc4 b5 $146 {[#]} (9... Qc7 $11) ({Predecessor:} 9... Qc7 10. O-O h6 11. Bh4 e5 12. dxe5 Nxe5 13. Nxe5 Bxe5 {1-0 (37) Kabai,Z (2062)-Katona,G (1977) Budapest 2009}) 10. Be2 (10. Bxe6 $1 $16 {[%mdl 512]} a5 (10... fxe6 11. Qxe6+) 11. Bf5) 10... a6 11. O-O Qc7 12. Rac1 Bb7 13. Rfd1 Rac8 (13... h6 $11 14. Bh4 c5) 14. Bh4 (14. e4 $16) 14... c5 $11 {[%cal Bc6c5,Bc5c4][%mdl 32]} 15. a4 (15. Bg3 $11 {remains equal.}) 15... c4 16. Qc2 b4 ({Better is} 16... Qb8 $15) 17. Nb1 $1 {[%cal Re2c4]} Bd5 18. Nfd2 (18. Nbd2 $11 {keeps the balance.}) 18... b3 (18... Bxh2+ $17 19. Kh1 h6 20. Bxf6 Nxf6) 19. Qc3 {[%cal Re2c4]} Nb6 20. Qa5 $1 Bxh2+ 21. Kh1 $1 Bd6 22. f3 $2 (22. Bxf6 $1 $11 gxf6 23. e4) 22... Bg3 (22... Nh5 $1 $17 {Strongly threatening ...Bg3.} 23. Nc3 Bg3 24. Bxg3 Nxg3+ 25. Kg1 f5) 23. Bxg3 $1 Qxg3 24. e4 $2 (24. Nf1 $1 $11 Qh4+ 25. Kg1) 24... Qf2 $40 {[%mdl 128] aiming for ...Nh5. Black goes for the king.} 25. Qxb6 $2 (25. exd5 {was called for.} Nfxd5 26. Nxc4) 25... Nh5 26. Bf1 Rc6 27. Qxc6 (27. Qb7 $142 e5 28. Qxc6 (28. exd5 $2 {leads to mate.} Ng3+ 29. Kh2 Rh6#) 28... Bxc6 29. Bxc4) 27... Bxc6 28. Rxc4 Bd7 29. Kh2 f5 {( -> ...Rf6)} 30. e5 f4 $2 (30... g5 31. Rb4 a5) 31. Bd3 {[#]} g5 $2 {Accuracy: White = 28%, Black = 50%.} (31... Nf6 $1 $19 {[%mdl 512] and Black stays clearly on top.} 32. Rf1 {[#]} (32. exf6 Rxf6) 32... Ng4+ $1 {[%mdl 512]} 33. fxg4 Qg3+ {[%mdl 64] Double Attack} 34. Kg1 Qxd3) 1/2-1/2

[Event "SVK ECo-C Extraliga 2018-19"]
[Site "Slovakia"]
[Date "2018.12.09"]
[Round "4"]
[White "Cernousek, Lukas"]
[Black "Pechac, Jergus"]
[Result "*"]
[WhiteElo "2436"]
[BlackElo "2470"]
[Annotator "TA"]
[PlyCount "32"]
[EventDate "2018.11.10"]
[EventType "team-tourn"]
[EventCountry "SVK"]
[SourceTitle "playchess.com"]
[Source "ChessBase"]
[SourceQuality "1"]
[WhiteTeam "Dubnica"]
[BlackTeam "Zilina"]

{[%evp 13,14,3,44]} 1. e4 e6 2. d4 d5 3. Nd2 c5 4. Ngf3 Nf6 5. e5 Nfd7 6. c3 Nc6 7. Bd3 f6 {LiveBook: 40 Games} {Predecessor:} 8. exf6 $146 Nxf6 9. O-O Bd6 10. dxc5 Bxc5 11. b4 Bd6 12. b5 Ne7 13. c4 e5 14. cxd5 Nexd5 15. Ne4 Nxe4 16. Bxe4 Nf6 {1-0 (32) Adams,M (2738)-Bareev,E (2675) Baku 2016} *